000
00256 a2200109 4500
001
146979
040
_c
Escola São Tomás de Aquino
240
1
0
_a
De avestruz a zebras
_l
por
245
1
0
_a
De avestruz a zebras
697
_a
*LITERATURA INFANTIL
942
_c
BK
999
_c
146979
_d
146979